LEADER 00839nam a2200193 i 4500 001 000000232220 003 CaOOAMICUS 005 20140821000000.0 008 140821s1898 it u000 u ita u 013 $a211123 040 $aSeMil$bita 245 10$aGeologia e Geogenia. Parte 1. 300 $a314 p. 490 0 $aBiblioteca del clero : pubblicazione periodica per facilitare al clero l'acquisto delle pił importanti opere moderne ;$v22. 773 0 $aArduin, Alessio$tReligione di fronte alla scienza.$dSiena : Biblioteca del clero, 1896-1901.$kBiblioteca del clero$g2$w()30376 830 0$aBiblioteca del clero ;$v22.$0(OLS)http://semarc/title/19422 850 $aSeMil 852 $aSeMil$W1$xVenegono$y1$m2X V 25 FA$j182566$B182566$CSeMilBibl$Z2$F193588 $8I 996 $6245$aGeologia e Geogenia. Parte 1$9(OLS)http://semarc/title/331376 LEADER 02946nam a2200349 i 4500 001 000000014758 003 CaOOAMICUS 005 20231128121646.0 008 180830s16251628gw u000 u lat u 040 $aSeMil$bita 100 1 $aThou, Jacques Auguste : de,$d<1553-1617>.$0(OLS)http://semarc/name/75847 245 10$aIllustris viri Iac. Augusti Thuani, ... Historiarum sui temporis ab anno domini 1543 usque ad annum 1607 libri 138. Quorum 80 priores multo quam ante hac auctiores, reliqui vero 58 nunc primum prodeunt. Opus in tres tomos divisum. Accedunt Commentariorum de vita sua libri sex hactenus inediti. Editio summa cura, labore, et diligentia, ... adornata. Indice denique rerum et verborum insigniorum, ... instructa. 264 1$aFrancofurti :$bExcudebatur typis Egenolphi Emmelij, impensis Petri Kopffij, & Balthasaris Ostern,$c1625-1628. 300 $a4 v. ;$cfol. 500 $aCors; rom. 500 $aNon posseduto il vol. 4 500 $aMarca (Giovane seduto su aquila, ad ali spiegate, che vola su cittą, sole in alto al centro. Motto: In Deo laetandum) sui front. 500 $aTesto su due colonne 500 $aIniz. ornate e fregi xilogr. 500 $aTutte le pagine in cornice a doppio filetto 500 $aIl tomo 3 rilegato in 2 tomi 700 1 $aEmmel, Egenolff,$c.$0(OLS)http://semarc/name/89948 700 1 $aKopf, Peter & Ostern, Balthasar,$c.$0(OLS)http://semarc/name/89949 774 0 $aThou, Jacques Auguste : de <1553-1617>$t[1].$g1$w()107844 774 0 $aThou, Jacques Auguste : de <1553-1617>$tIllustris viri Iac. Augusti Thuani... Historiarum sui temporis tomus secundus editionis Germanicae, ab a.C.n. 1573 vsque ad annum eiusdem seculi 84 inclusiue. Editio iterata, praefixis singulis libris summariis, & in margine notis ..$g2$w()256683 774 0 $aThou, Jacques Auguste : de <1553-1617>$tIllustris viri Iac. Augusti Thuani... Historiarum sui temporis tomus tertius, ab a.C.n. 1585 usque ad annum 1607. Accesserunt Commentariorum de vita sua libri 6 hactenus nunquam editi. Cum indice rerum et verborum... locupletissimo & absolutissimo.$g3$w()256682 850 $aSeMil 852 $aSeMil$W1$xVenegono$y1$qNon posseduto il vol. 4$B241150$CSeMilBibl$Z2$F241150 $8I 961 $aNon posseduto il vol. 4 996 $6245$aIllustris viri Iac. Augusti Thuani, ... Historiarum sui temporis ab anno domini 1543 usque ad annum 1607 libri 138. Quorum 80 priores multo quam ante hac auctiores, reliqui vero 58 nunc primum prodeunt. Opus in tres tomos divisum. Accedunt Commentariorum de vita sua libri sex hactenus inediti. Editio summa cura, labore, et diligentia, ... adornata. Indice denique rerum et verborum insigniorum, ... instructa$9(OLS)http://semarc/title/401554 996 $6264$aFrancofurti :$bExcudebatur typis Egenolphi Emmelij, impensis Petri Kopffij, & Balthasaris Ostern$9(OLS)http://semarc/publisher/56034